Spent ginger and celary powder as fillers in natural rubber (Record no. 69155)

MARC details
000 -LEADER
fixed length control field 00485nam a2200157Ia 4500
100 ## - MAIN ENTRY--AUTHOR NAME
Personal name Srilathakutty R
245 #0 - TITLE STATEMENT
Title Spent ginger and celary powder as fillers in natural rubber
260 ## - PUBLICATION, DISTRIBUTION, ETC. (IMPRINT)
Name of publisher Proceedings of the Ninth Kerala Science Congress, January 1997, Thirivananthapuram, p55-57
650 ## - SUBJECT ADDED ENTRY--TOPICAL TERM
Topical Term Celary powder
650 ## - SUBJECT ADDED ENTRY--TOPICAL TERM
Topical Term Ginger powder
650 ## - SUBJECT ADDED ENTRY--TOPICAL TERM
Topical Term Rubber fillers
700 ## - ADDED ENTRY--PERSONAL NAME
Personal name George K E
700 ## - ADDED ENTRY--PERSONAL NAME
Personal name Joseph R
942 ## - ADDED ENTRY ELEMENTS (KOHA)
Koha item type Journals
Holdings
Withdrawn status Lost status Damaged status Not for loan Home library Current library Shelving location Date acquired Koha item type
      Journals RRII Library RRII Library Rubber chemistry 17/12/2021 Journals